000 00871nam a2200229 a 4500
001 38900
003 BD-RjUL
005 20211209052859.0
008 160424s2014 bg ||||e |||| 000 1 ben d
020 _a9847015801397
_c: TK.100.00
035 _a(BD-RjUL)39010
040 _aBD-RjUL
_bben
_cBD-RjUL
041 _aben
082 _223
_bKAB 2014
_a398.2095492
100 1 _aকরিম, কে. এন. শাহজাহান
_9118194
245 1 0 _aবাংলার লোক কাহিনী /
_cসংগ্রহ ও লিখন কে.এন. শাহজাহান করিম
260 _aঢাকা :
_bবুকস্ ফেয়ার,
_c২০১৪
300 _a৬৩ পৃ. ;
_c২২ সেমি.
650 _aলোককাহিনী
_zবাংলাদেশ
_9126843
650 _aFolk Tales
_zBangladesh
_9126844
942 _2ddc
_cBK
999 _c38900
_d38900